[Event "Chigorin Memorial"]
[Site "St Petersburg RUS"]
[Date "2012.10.27"]
[Round "1.112"]
[White "Chuprova,Irina"]
[Black "Lugovskoy,M"]
[Result "1-0"]
[WhiteElo "1945"]
[BlackElo "2372"]

1.e4 e6 2.d4 d5 3.Nd2 Nc6 4.Ngf3 Nf6 5.e5 Nd7 6.Bd3 f6 7.Ng5 Ndxe5 8.dxe5 fxg5
9.Qh5+ g6 10.Bxg6+ Kd7 11.c4 Nxe5 12.Bc2 c6 13.f4 Nxc4 14.Nxc4 dxc4 15.O-O Qe8
16.Qxg5 Kc7 17.f5 h6 18.Qf4+ Bd6 19.Qxc4 Bd7 20.Bf4 e5 21.Rae1 Qe7 22.f6 Qxf6
23.Bxe5 Qxe5 24.Rxe5 Bxe5 25.Rf7 Rhf8 26.Bf5 Rxf7 27.Qxf7 Rd8 28.b3 Bd4+
29.Kh1 Be5 30.g4 Bc3 31.h4 Bd2 32.Qg7 Kc8 33.Bxd7+ Rxd7 34.Qe5 Rd5 35.Qe6+ Kc7
36.Qe7+ Kb6 37.g5 hxg5 38.h5 g4 39.Qh4 g3 40.h6 Be1 41.Qg4 Rd6 42.Qf4 Rd1
43.Qf3 Ra1 44.h7 Bf2+ 45.Kg2 Rg1+ 46.Kh3 Bd4 47.h8=Q Bxh8 48.Qe3+ Ka6 49.Qxg1 Be5
50.Qc5 Bc7 51.b4  1-0

[Event "Chigorin Memorial"]
[Site "St Petersburg RUS"]
[Date "2012.10.27"]
[Round "1.31"]
[White "Solak,D"]
[Black "Nedostup,D"]
[Result "1/2-1/2"]
[WhiteElo "2590"]
[BlackElo "2152"]

1.e4 e6 2.d4 d5 3.Nd2 Nc6 4.Ngf3 Nf6 5.e5 Nd7 6.c3 f6 7.exf6 Qxf6 8.Bd3 Bd6
9.Qc2 e5 10.O-O e4 11.Bxe4 dxe4 12.Nxe4 Qg6 13.Nxd6+ cxd6 14.Re1+ Ne7 15.Qxg6+ hxg6
16.Bf4 O-O 17.Bxd6 Rxf3 18.gxf3 Nf5 19.Bg3 Nf6 20.d5 Nxd5 21.Rad1 Nf6 22.Rd8+ Kf7
23.Be5 Nh7 24.Bd4 Ng5 25.Ree8 Nxf3+ 26.Kh1 N3xd4 27.cxd4 Nd6 28.Re1 Nc4 29.Ree8 Nd6
30.Re1 Nc4 31.b3 b5 32.Kg1 Nb6 33.d5 Bd7 34.Rxa8 Nxa8 35.d6 Be6 36.Kg2 Nb6
37.Kg3 Nc8 38.Rd1 Bd7 39.Kf4 Kf6 40.h4 a6 41.f3 Nb6 42.Ke4 Ke6 43.Kf4 Kf6
44.Ke4  1/2-1/2

[Event "16th OIBM 2012"]
[Site "Bad Wiessee GER"]
[Date "2012.10.28"]
[Round "2.9"]
[White "Gruettner,R"]
[Black "Sumets,A"]
[Result "0-1"]
[WhiteElo "2081"]
[BlackElo "2627"]

1.e4 e6 2.d4 d5 3.Nd2 Be7 4.Ngf3 Nf6 5.e5 Nfd7 6.Bd3 c5 7.c3 b6 8.O-O Ba6
9.Bxa6 Nxa6 10.Qa4 Nc7 11.dxc5 bxc5 12.Qg4 O-O 13.Nb3 f5 14.exf6 Nxf6 15.Qh3 Rb8
16.Bg5 Ne4 17.Bxe7 Qxe7 18.Rab1 e5 19.Qh5 Rbe8 20.Nbd2 Nf6 21.Qh4 e4 22.Rbe1 h6
23.Qg3 Nh5 24.Qg4 Nf4 25.Nh4 Qg5 26.h3 Nd3 27.Re2 Ne5 28.f4 exf3 29.Qxg5 hxg5
30.Rxe5 Rxe5 31.Ng6 Re2 32.Nxf8 Rxg2+ 33.Kh1 Rxd2 34.Rxf3 Rxb2 35.Nd7 c4
36.Rf8+ Kh7 37.Rf7 Ne6 38.Re7 Nf4 39.Nf6+ Kg6 40.Ne8 d4 41.Rxg7+ Kh6 42.cxd4 c3
43.Rc7 c2 44.Rc6+ Ng6  0-1

[Event "Chigorin Memorial"]
[Site "St Petersburg RUS"]
[Date "2012.10.28"]
[Round "2.87"]
[White "Kostrikina,A"]
[Black "Baryshpolets,A"]
[Result "0-1"]
[WhiteElo "2138"]
[BlackElo "2510"]

1.e4 e6 2.d4 d5 3.Nd2 a6 4.Ngf3 Nf6 5.exd5 exd5 6.Bd3 Bd6 7.Qe2+ Be7 8.O-O O-O
9.Ne5 c5 10.dxc5 Bxc5 11.Nb3 Bd6 12.Nf3 Bg4 13.h3 Bh5 14.Bg5 Nc6 15.Qd1 h6
16.Be3 Re8 17.Be2 Bc7 18.Nbd4 Nxd4 19.Qxd4 Qd6 20.Rfe1 Bxf3 21.Bxf3 Qh2+
22.Kf1 Be5 23.Qb6 d4 24.Bxb7 Rab8 25.Qxa6 dxe3 26.fxe3 Bg3 27.Bc6 Bxe1 28.Bxe8 Bg3  0-1

[Event "Chigorin Memorial"]
[Site "St Petersburg RUS"]
[Date "2012.10.28"]
[Round "2.43"]
[White "Donskov,Ana"]
[Black "Stupak,K"]
[Result "0-1"]
[WhiteElo "2305"]
[BlackElo "2520"]

1.e4 e6 2.d4 d5 3.Nd2 Be7 4.Bd3 c5 5.dxc5 Nf6 6.exd5 exd5 7.Ngf3 O-O 8.O-O Bxc5
9.Nb3 Bb6 10.Bg5 Nc6 11.c3 h6 12.Bh4 g5 13.Nxg5 hxg5 14.Bxg5 Ne5 15.Nd4 Bxd4
16.cxd4 Nxd3 17.Qxd3 Qd6 18.Bh4 Qf4 19.Bg3 Qf5 20.Qb3 Ne4 21.Rfe1 Bd7 22.f3 Nxg3
23.hxg3 Bc6 24.Re5 Qg6 25.g4 Rae8 26.Rae1 f6 27.Rxe8 Rxe8 28.Rxe8+ Qxe8 29.Kf2 Kg7
30.Qe3 Qxe3+ 31.Kxe3 Bd7 32.Kf4 Kg6 33.Kg3 Kg5 34.f4+ Kg6 35.Kf3 Ba4 36.b3 Bb5
37.Kf2 Bd3 38.Ke3 Be4 39.Kf2 Bc2 40.b4 Be4 41.Kg3 Kf7 42.Kh3 Ke6 43.g3 Kf7
44.g5 fxg5 45.fxg5 Bf5+ 46.g4 Bb1 47.Kg3 Bxa2 48.Kf4 Kg6 49.Ke5 b5  0-1

[Event "Chigorin Memorial"]
[Site "St Petersburg RUS"]
[Date "2012.10.29"]
[Round "3.89"]
[White "Gerasimov,I"]
[Black "Baglaev,E"]
[Result "1-0"]
[WhiteElo "2308"]
[BlackElo "2099"]

1.e4 e6 2.d4 d5 3.Nd2 a6 4.Ngf3 Nf6 5.e5 Nfd7 6.Bd3 c5 7.c3 Nc6 8.O-O g5
9.c4 g4 10.cxd5 exd5 11.Ne1 Nxd4 12.f4 c4 13.Bb1 Bc5 14.Kh1 Qh4 15.g3 Qh3
16.Ng2 b5 17.f5 Nxe5 18.Re1 f6 19.Nf1 Qh5 20.Be3 Ndf3 21.Bxc5 Nxe1 22.Qxd5 Rb8
23.Qd6 Rb7 24.Qxf6 N1d3 25.Bxd3 Nxd3 26.Qxh8+ Kd7 27.Qd4+ Ke8 28.Qe4+ Kf7
29.Qd5+ Kf6 30.Qd8+  1-0

[Event "Vizag GM Open 2012"]
[Site "Visakhapatnam IND"]
[Date "2012.10.29"]
[Round "5.13"]
[White "Chandra,Akshat"]
[Black "Ghosh,D"]
[Result "0-1"]
[WhiteElo "2269"]
[BlackElo "2415"]

1.e4 e6 2.d4 d5 3.Nd2 Be7 4.Ngf3 Nf6 5.e5 Nfd7 6.Bd3 c5 7.c3 Nc6 8.O-O a5
9.a4 cxd4 10.cxd4 Nb4 11.Bb5 O-O 12.Nb1 Nb6 13.Nc3 Bd7 14.b3 Nc8 15.Bf4 Na7
16.Be2 Rc8 17.Qd2 Qb6 18.Rfc1 Rc7 19.h4 Rfc8 20.h5 Na6 21.Nb5 Nxb5 22.axb5 Bxb5
23.Bxb5 Qxb5 24.Rxc7 Rxc7 25.Qxa5 Qxb3 26.h6 g6 27.Bg5 Bf8 28.Qd2 Qc2 29.Qf4 Qf5
30.Qxf5 gxf5 31.g4 Rc3 32.Kg2 Nc7 33.gxf5 exf5 34.Rg1 Ne6 35.Bd2 Rc6 36.Kf1+ Kh8
37.Ke2 f4 38.Rh1 Rc4 39.Rb1 Rc7 40.Rh1 b5 41.Kd3 Ra7 42.Rb1 Rb7 43.Rh1 b4
44.Rb1 Bxh6 45.Rxb4 Rxb4 46.Bxb4 Bg5 47.Bd2 h6 48.Ng1 Kg7 49.f3 Bh4 50.Ne2 Bg3
51.Nc3 h5 52.Ne2 h4 53.Ng1 Ng5 54.Kc3 h3 55.Nxh3 Nxh3 56.Kb4 Ng5 57.Kc5 Nxf3
58.Bc1 Nxe5 59.Kxd5 f3 60.Be3 Ng4 61.Ke4 f2 62.Bxf2  0-1

[Event "Trophee Karpov Preliminary 2012"]
[Site "Cap d'Agde FRA"]
[Date "2012.10.30"]
[Round "10"]
[White "Sebag,M"]
[Black "Bauer,Ch"]
[Result "0-1"]
[WhiteElo "2521"]
[BlackElo "2664"]

1.e4 e6 2.d4 d5 3.Nd2 a6 4.Ngf3 Nf6 5.e5 Nfd7 6.Bd3 c5 7.c3 Nc6 8.O-O g5
9.Bb1 g4 10.Ne1 h5 11.Nb3 c4 12.Nd2 b5 13.f4 f5 14.exf6 Qxf6 15.Nc2 Bd6 16.Qe2 Nb6
17.Ne3 Kd8 18.Bc2 a5 19.a4 b4 20.f5 Re8 21.fxe6 Qxe6 22.Re1 Ra7 23.Ndf1 b3
24.Bd1 Qg6 25.Bd2 Rf7 26.Bxb3 cxb3 27.Qb5 Bc7 28.Nxd5 Rxe1 29.Rxe1 Nxd5 30.Qxd5+ Bd7
31.Ne3 g3 32.h3 Rf2 33.Nc4 Kc8 34.Be3 Rf5 35.Ne5 Bxe5 36.dxe5 Rxe5 37.Qd2 Qc2
38.h4 Qxd2 39.Bxd2 Rxe1+ 40.Bxe1 Ne5 41.c4 Nxc4 42.Bc3 Bxa4 43.Kf1 Bc6  0-1

[Event "e2e4 Basingstoke Int Open"]
[Site "Basingstoke ENG"]
[Date "2012.10.31"]
[Round "8.9"]
[White "Holland,J"]
[Black "Maciol,R"]
[Result "1-0"]
[WhiteElo "2251"]
[BlackElo "2198"]

1.e4 e6 2.d4 d5 3.Nd2 Be7 4.Bd3 c5 5.c3 cxd4 6.cxd4 dxe4 7.Nxe4 Nf6 8.Nf3 Nc6
9.O-O O-O 10.Nc3 Nb4 11.Be2 b6 12.Bg5 Bb7 13.Rc1 Nfd5 14.Bd2 a6 15.Qb3 b5
16.a4 bxa4 17.Nxa4 a5 18.Nc5 Bc6 19.Ne5 Be8 20.Rfd1 Bg5 21.Bxg5 Qxg5 22.Bf3 Ra7
23.Ne4 Qe7 24.Rc5 f6 25.Nd3 Rb7 26.Qa3 Nc6 27.Nc1 Rb4 28.Ne2 Qb7 29.Nd6 Qb6
30.Nc4 Qb8 31.Nc3 Nde7 32.Nxa5 Nxa5 33.Rxa5 Rxb2 34.Qxe7  1-0

[Event "Chigorin Memorial"]
[Site "St Petersburg RUS"]
[Date "2012.10.31"]
[Round "5.37"]
[White "Solovjov,S"]
[Black "Cori,J"]
[Result "1/2-1/2"]
[WhiteElo "2371"]
[BlackElo "2522"]

1.e4 e6 2.d4 d5 3.Nd2 Nc6 4.Ngf3 Nf6 5.e5 Nd7 6.Bd3 f6 7.Ng5 Ndxe5 8.dxe5 fxg5
9.Qh5+ g6 10.Bxg6+ Kd7 11.f4 gxf4 12.Bd3 Nb4 13.O-O Qe8 14.Qe2 Bh6 15.Nb3 Rf8
16.Nc5+ Kd8 17.a3 Nxd3 18.Nxd3 b6 19.Bxf4 Bxf4 20.Nxf4 Bd7 21.c4 Kc8 22.Rac1 Kb7
23.cxd5 Bb5 24.Qc2 Rc8 25.Rf2 exd5 26.e6 Qe7 27.Nxd5 Rxf2 28.Nxe7 Rxc2 29.Rxc2 Rd8
30.h4 Rd6 31.Nf5 Rxe6 32.Nd4 Re1+ 33.Kf2 Rf1+ 34.Ke3 Be8 35.Rf2 Rh1 36.g3 a5
37.Ne6 a4 38.Kf4 Bg6 39.Kg5 Re1 40.Nf8 Bb1 41.g4 b5 42.h5 Rg1 43.Kf4 c5 44.g5 Kc6
45.g6 hxg6 46.hxg6 Bxg6 47.Nxg6 Rxg6 48.Ke4 Rd6 49.Ke3 Rd4 50.Rf5 b4 51.axb4 Rxb4
52.Kd3 Rxb2 53.Kc3 Rb3+ 54.Kc4 Rb4+ 55.Kc3 Kb5 56.Rf8 Rb3+ 57.Kc2 Rh3 58.Kb2 Kb4
59.Rb8+ Kc4 60.Ra8 Rh2+ 61.Ka3 Rh3+ 62.Kb2 Rh2+ 63.Ka3 Kc3 64.Rg8 Kc4 65.Rg4+ Kb5
66.Rg8 Rh3+ 67.Kb2 Re3 68.Rb8+ Kc4 69.Ra8 Kb4 70.Rb8+ Kc4 71.Ra8 a3+ 72.Ka2 Kb4
73.Rb8+ Ka4 74.Ra8+ Kb4 75.Rb8+ Kc3 76.Rh8 c4 77.Kxa3 Kd2+ 78.Ka2 c3 79.Rh2+ Re2
80.Rh1 Kc2 81.Rg1 Rd2 82.Rh1 Rg2 83.Rf1 Rd2 84.Rh1 Re2 85.Rg1 Kd3+ 86.Kb1 Kd2
87.Rh1 Re3 88.Rh2+ Kd3 89.Rh1 Re4 90.Rh3+ Kc4 91.Rh8  1/2-1/2

[Event "12th Sautron Open"]
[Site "Sautron FRA"]
[Date "2012.11.01"]
[Round "7.2"]
[White "Karpatchev,A"]
[Black "Riff,JN"]
[Result "1/2-1/2"]
[WhiteElo "2458"]
[BlackElo "2473"]

1.e4 e6 2.d4 d5 3.Nd2 Be7 4.Ngf3 Nf6 5.e5 Nfd7 6.Bd3 c5 7.c3 b6 8.O-O Ba6
9.Bxa6 Nxa6 10.Re1 b5 11.a4 b4 12.c4 Nc7 13.cxd5 Nxd5 14.Ne4 O-O 15.a5 Rc8
16.Bg5 Bxg5 17.Nexg5 h6 18.Ne4 c4 19.Nd6 Rc6 20.Qa4 Nb8 21.Nd2 Qc7 22.N2e4 a6
23.Nc5 Rxd6 24.exd6 Qxd6 25.Qc2 c3 26.bxc3 bxc3 27.Qd3 Nc6 28.Qxa6 Ndb4 29.Qc4 Nc2
30.Ne4 Qd5 31.Qxd5 exd5 32.Nxc3 Nxe1 33.Rxe1 Ra8 34.Ra1 Rxa5 35.Rxa5 Nxa5
36.Nxd5 Nc6  1/2-1/2

[Event "Chigorin Memorial"]
[Site "St Petersburg RUS"]
[Date "2012.11.01"]
[Round "6.61"]
[White "Kashtanov,R"]
[Black "Bivol,A"]
[Result "0-1"]
[WhiteElo "2356"]
[BlackElo "2137"]

1.e4 e6 2.d4 d5 3.Nd2 a6 4.Ngf3 c5 5.c3 Nc6 6.Bd3 Nf6 7.e5 Nd7 8.O-O Be7
9.Re1 g5 10.h3 h5 11.Nf1 cxd4 12.cxd4 Rg8 13.a3 Nf8 14.Ng3 g4 15.hxg4 hxg4
16.Nh2 Nxd4 17.Nxg4 Rh8 18.Bh6 Kd7 19.Rc1 Nc6 20.Qf3 Kc7 21.Qxf7 Nd7 22.Bg7 Rh4
23.Bf6 Bxf6 24.Nxf6 Kb8 25.Nxd7+ Bxd7 26.b4 Rh8 27.Rc5 Qh4 28.Rxc6 Bxc6 29.Qxe6 Ka7
30.Qd6 Rag8 31.Re3 d4 32.Re4 Bxe4 33.Bxe4 Rc8 34.Qxd4+ Ka8 35.Qe3 Qd8 36.Bf3 Qc7
37.Qe2 Qc1+ 38.Nf1 Qh6 39.g3 Rc1 40.Bxb7+ Kxb7  0-1

[Event "Vizag GM Open 2012"]
[Site "Visakhapatnam IND"]
[Date "2012.11.01"]
[Round "9.5"]
[White "Deepan,C"]
[Black "Ghosh,D"]
[Result "0-1"]
[WhiteElo "2523"]
[BlackElo "2415"]

1.e4 e6 2.d4 d5 3.Nd2 Be7 4.Ngf3 Nf6 5.e5 Nfd7 6.c3 c5 7.Bd3 Nc6 8.O-O g5
9.dxc5 g4 10.Nd4 Ndxe5 11.Be2 Bxc5 12.Nxc6 bxc6 13.Bxg4 Rg8 14.Be2 Qh4 15.Nf3 Nxf3+
16.Bxf3 Ba6 17.Be3 Bxe3 18.fxe3 Bxf1 19.Qxf1 Qe7 20.e4 Rb8 21.b4 Kf8 22.Kh1 Rg7
23.Re1 Rd8 24.a3 Kg8 25.Qf2 e5 26.h3 d4 27.cxd4 exd4 28.e5 d3 29.Bxc6 d2
30.Rd1 Qxe5 31.Rxd2 Rxd2 32.Qxd2 Rg6 33.Bf3 Re6 34.Qd8+ Kg7 35.Kg1 Qe3+ 36.Kh2 Qf4+
37.Kg1 Re1+ 38.Kf2 Qe3+ 39.Kg3 Qe5+ 40.Kf2 Rb1 41.Be2 Rb3 42.Qd2 Rxa3 43.Bf1 Rb3
44.Kg1 Rb2 45.Qd7  0-1

[Event "TCh-NOR Eliteserien 2012-13"]
[Site "Haraldsheim NOR"]
[Date "2012.11.02"]
[Round "1"]
[White "Andersen,AlfR"]
[Black "Hammerstad,A"]
[Result "0-1"]
[WhiteElo "2205"]
[BlackElo "2260"]

1.e4 e6 2.d4 d5 3.Nd2 Nc6 4.c3 e5 5.exd5 Qxd5 6.Ngf3 exd4 7.Bc4 Qh5 8.O-O Nf6
9.cxd4 Be6 10.Qb3 O-O-O 11.Bxe6+ fxe6 12.Qxe6+ Kb8 13.Nb3 Bd6 14.h3 Rhf8
15.Be3 Rde8 16.Qc4 Nd5 17.Nh2 Rf6 18.Nc5 Rg6 19.Qb5 Bxc5 20.Qxc5 b6 21.Qc4 Rxe3
22.fxe3 Rxg2+ 23.Kxg2 Nxe3+ 24.Kg3 Nxc4 25.Rac1 Qg6+ 26.Ng4 Ne3 27.Rfe1 Nf5+
28.Kg2 Ncxd4 29.Kf2 h5  0-1

[Event "Chigorin Memorial"]
[Site "St Petersburg RUS"]
[Date "2012.11.02"]
[Round "7.107"]
[White "Atabayew,S"]
[Black "Shchukin,D"]
[Result "0-1"]
[WhiteElo "2118"]
[BlackElo "2348"]

1.e4 e6 2.d4 d5 3.Nd2 a6 4.Ngf3 c5 5.exd5 exd5 6.dxc5 Bxc5 7.Nb3 Ba7 8.Be2 Nc6
9.O-O Nge7 10.Bf4 O-O 11.Qd2 Bf5 12.Bd3 Bxd3 13.Qxd3 Ng6 14.Bg3 f5 15.h3 f4
16.Bh2 Nce5 17.Qe2 Nxf3+ 18.Qxf3 Rf5 19.Kh1 Qf6 20.Rad1 Nh4 21.Qc3 Qg6 22.g3 fxg3
23.Qxg3 Qf6 24.Qd6 Qf7 25.Nd4 Bxd4 26.Rxd4 Nf3 27.Rd3 Rf8 28.Bg3 Ng5 29.Kg2 Ne4
30.Qb6 h6 31.Qd4 Qg6 32.Kh2 Ng5 33.Kg2 Ne6 34.Qc3 Nf4+ 35.Kh2 Nxd3 36.Qxd3 Qe6
37.Qd2 Re8 38.Rg1 Rh5 39.h4 Qg4 40.Rg2 Re2 41.Qc3 d4 42.Qb4 a5 43.Qb3+ Kh8
44.f3 Rxh4+ 45.Kg1 Rh1+  0-1

[Event "Vizag GM Open 2012"]
[Site "Visakhapatnam IND"]
[Date "2012.11.02"]
[Round "10.3"]
[White "Adhiban,Baskaran"]
[Black "Petrosian,DG"]
[Result "1/2-1/2"]
[WhiteElo "2564"]
[BlackElo "2459"]

1.e4 e6 2.d4 d5 3.Nd2 Be7 4.Ngf3 Nf6 5.e5 Nfd7 6.Bd3 c5 7.c3 Nc6 8.O-O g5
9.dxc5 g4 10.Nd4 Ndxe5 11.Bb5 Bd7 12.N2b3 h5 13.Re1 Nxd4 14.Nxd4 Nc6 15.Bxc6 bxc6
16.b4 Qc7 17.Qe2 Kf8 18.g3 e5 19.Qxe5 Qxe5 20.Rxe5 a5 21.b5 cxb5 22.Rxd5 Be6
23.Nxe6+ fxe6 24.Rd7 Bxc5 25.Be3 Bxe3 26.fxe3 Kg8 27.Rb1 Rh7 28.Rxh7 Kxh7
29.Rxb5 a4 30.Rxh5+ Kg6 31.Rh4 Kf5 32.h3 Ke4 33.Rxg4+ Kxe3 34.h4 e5 35.Kg2 e4
36.h5 Kd3 37.Rg7 Rf8 38.Rd7+ Kxc3 39.Re7 Kd3 40.g4 e3 41.h6 e2 42.Kg3 Rf1
43.g5 Rh1 44.Kg2 Rh5 45.Kf3 Rh3+ 46.Kg4 Re3 47.Rxe3+ Kxe3 48.h7 e1=Q 49.h8=Q Qd1+
50.Kf5 Qb1+ 51.Ke6 Qxa2+ 52.Ke7 Qa3+ 53.Ke8 Qd6 54.Qh3+ Ke4 55.Qg4+ Qf4 56.Qxf4+ Kxf4
57.g6  1/2-1/2

[Event "TCh-AUT 2012-13"]
[Site "Hohenems AUT"]
[Date "2012.11.03"]
[Round "2.6"]
[White "Knoll,H"]
[Black "Zaragatski,I"]
[Result "1/2-1/2"]
[WhiteElo "2318"]
[BlackElo "2461"]

1.e4 e6 2.d4 d5 3.Nd2 Nc6 4.Ngf3 Nf6 5.e5 Nd7 6.Nb3 a5 7.Bf4 a4 8.Nc1 b6
9.c3 Bb7 10.Bd3 Qc8 11.Ne2 Ba6 12.O-O Bxd3 13.Qxd3 Qa6 14.Qxa6 Rxa6 15.Ne1 Be7
16.Nd3 O-O 17.Rfc1 Na5 18.b3 c5 19.Rab1 axb3 20.axb3 Nxb3 21.Rxb3 c4 22.Rbb1 cxd3
23.Ng3 Rc8 24.Bd2 f6 25.f4 Ra2 26.Rd1 fxe5 27.fxe5 Bh4 28.Nf1 Rf8 29.g3 Be7
30.Be3 Rf3 31.Rd2 Rxd2 32.Bxd2 h6 33.Rd1 b5 34.Kg2 Rf8 35.Be1 Ra8 36.Rxd3 Ra1
37.Kf2 Nb6 38.Ke2 Nc4 39.Rd1 Ra2+ 40.Kf3 Ba3 41.Rb1 Bb2 42.Ne3 Kf7 43.Nxc4 bxc4
44.Bd2 h5 45.h3 Kg6  1/2-1/2

[Event "2nd Novara Open A 2012"]
[Site "Novara ITA"]
[Date "2012.11.03"]
[Round "2.5"]
[White "Monticone,S"]
[Black "Stella,A"]
[Result "0-1"]
[WhiteElo "1861"]
[BlackElo "2454"]

1.e4 e6 2.d4 d5 3.Nd2 Nc6 4.Ngf3 Nf6 5.e5 Nd7 6.Be2 f6 7.exf6 Qxf6 8.Nf1 Bd6
9.Ne3 O-O 10.O-O Qg6 11.c4 Nf6 12.a3 a5 13.Bd2 Bd7 14.Rb1 a4 15.Bc3 Bf4 16.Bd3 Qh6
17.Re1 Bxe3 18.Rxe3 Ng4 19.Re1 e5 20.h3 Nxf2 21.Kxf2 e4 22.Bxe4 dxe4 23.Rxe4 Bf5
24.Re1 Bxb1 25.Qxb1 Qh4+ 26.Kg1 Rxf3 27.gxf3 Qg3+ 28.Kh1 Qxh3+ 29.Kg1 Qg3+
30.Kh1 Qxf3+ 31.Kh2 Qf2+ 32.Kh1 Qh4+ 33.Kg2 Qg4+ 34.Kh2 Nxd4  0-1

[Event "Chigorin Memorial"]
[Site "St Petersburg RUS"]
[Date "2012.11.03"]
[Round "8.83"]
[White "Kostrikina,A"]
[Black "Dimukhametov,A"]
[Result "0-1"]
[WhiteElo "2138"]
[BlackElo "2347"]

1.e4 e6 2.d4 d5 3.Nd2 Be7 4.Ngf3 Nf6 5.e5 Nfd7 6.Bd3 c5 7.c3 Nc6 8.O-O g5
9.dxc5 g4 10.Nd4 Ncxe5 11.Be2 Bxc5 12.Bxg4 Nf6 13.Be2 Bd7 14.N2b3 Bb6 15.Bh6 Rg8
16.Bf4 Nc4 17.Bxc4 dxc4 18.Nd2 Bxd4 19.cxd4 Bc6 20.Nf3 Qd5 21.Bg3 O-O-O 22.Qc1 Rg4
23.Rd1 Nh5 24.Qe3 f5 25.Qe5 f4 26.Qxd5 Bxd5 27.Ne5 Rg7 28.Bh4 Rxg2+ 29.Kf1 Rdg8
30.Ke2 Rxh2 31.Be7 Rgg2 32.Rg1 Ng3+  0-1

[Event "72nd ch-ITA 2012"]
[Site "Torino ITA"]
[Date "2012.11.03"]
[Round "5"]
[White "Godena,M"]
[Black "Dvirnyy,D"]
[Result "1/2-1/2"]
[WhiteElo "2526"]
[BlackElo "2522"]

1.e4 e6 2.d4 d5 3.Nd2 Be7 4.Bd3 c5 5.dxc5 Nf6 6.Qe2 a5 7.Ngf3 O-O 8.O-O Na6
9.e5 Nd7 10.c4 Naxc5 11.Bc2 b6 12.Nd4 Qc7 13.Re1 Bb7 14.Nb5 Qc6 15.Nd4 Qc7
16.Nb5 Qc6 17.Nd4  1/2-1/2

[Event "Vizag GM Open 2012"]
[Site "Visakhapatnam IND"]
[Date "2012.11.03"]
[Round "11.4"]
[White "Vovk,A"]
[Black "Ghosh,D"]
[Result "1/2-1/2"]
[WhiteElo "2564"]
[BlackElo "2415"]

1.e4 e6 2.d4 d5 3.Nd2 Be7 4.e5 c5 5.c3 Nh6 6.Bd3 Nc6 7.Ndf3 cxd4 8.cxd4 Nf5
9.Ne2 Qa5+ 10.Bd2 Qb6 11.Bc3 Bd7 12.O-O Nh4 13.Ne1 Ng6 14.Nc2 Nb4 15.Nxb4 Bxb4
16.Qd2 Bxc3 17.bxc3 O-O 18.Rab1 Qc7 19.Ng3 Rac8 20.Rbc1 a6 21.Rfe1 Qd8 22.Re3 Qg5
23.Kh1 Rc7 24.Rf1 f5 25.exf6 Qxf6 26.Ne2 Nh4 27.Ng1 Qh6 28.Qb2 Qf6 29.Qb6 Rfc8
30.Ne2 Bc6 31.Nc1 Re7 32.Nb3 Rf8 33.Na5 Bb5 34.Bxb5 axb5 35.Qxb5 Qg6 36.g3 Nf3
37.Kg2 Nh4+ 38.Kh1 Nf3 39.Kg2 Nh4+  1/2-1/2

[Event "22nd Caen Alekhine Open A"]
[Site "Caen FRA"]
[Date "2012.11.04"]
[Round "6.2"]
[White "Bordais,B"]
[Black "Battaglini,G"]
[Result "0-1"]
[WhiteElo "1957"]
[BlackElo "2434"]

1.e4 e6 2.d4 d5 3.Nd2 Be7 4.c3 c5 5.Ngf3 Nf6 6.exd5 exd5 7.dxc5 Bxc5 8.Bb5+ Nc6
9.Qe2+ Be6 10.Nb3 Bd6 11.Bg5 O-O 12.O-O Bg4 13.h3 Bh5 14.Rad1 a6 15.Bxc6 bxc6
16.Qe3 Re8 17.Bxf6 Qxf6 18.Qd4 Be5 19.Qd3 Qf4 20.Qd2 Qa4 21.Nbd4 Bxd4 22.cxd4 Bxf3
23.gxf3 Qxa2 24.Qc3 Qa4 25.Ra1 Qb5 26.Rfc1 Re6 27.Rc2 Qb8 28.Re1 Rg6+ 29.Kh1 Qc8
30.f4 Qf5 31.Rce2 h6 32.Qf3 Rf6 33.Rc1 Rd8 34.Kg2 Rdd6 35.Ra1 Rg6+ 36.Kf1 Rdf6
37.Rd2 Re6 38.Rd3 Re4 39.Rxa6 Rxf4 40.Qe3 Rxf2+ 41.Qxf2 Qxd3+  0-1

[Event "TCh-AUT 2012-13"]
[Site "Hohenems AUT"]
[Date "2012.11.04"]
[Round "3.6"]
[White "Zojer,S"]
[Black "Lehner,O"]
[Result "0-1"]
[WhiteElo "2087"]
[BlackElo "2446"]

1.e4 e6 2.d4 d5 3.Nd2 Be7 4.Ngf3 Nf6 5.e5 Nfd7 6.Bd3 c5 7.c3 Nc6 8.O-O a5
9.a4 cxd4 10.cxd4 Nb4 11.Bb5 O-O 12.Nb1 Nb8 13.Nc3 N8c6 14.Be3 f6 15.exf6 Bxf6
16.Qd2 Bd7 17.Rad1 Be8 18.Ne1 Kh8 19.f4 Bg6 20.Nf3 Bh5 21.Ne2 Na7 22.Nc3 Nxb5
23.Nxb5 Rc8 24.Nc3 Rc4 25.h3 Bxf3 26.Rxf3 Nc6 27.f5 Nxd4 28.Bxd4 Bxd4+ 29.Kh1 exf5
30.Nb5 Be5 31.b3 Re4 32.Rd3 Qh4 33.Rxd5 Qg3 34.Kg1 Qh2+ 35.Kf2 Rf4+  0-1

[Event "Chigorin Memorial"]
[Site "St Petersburg RUS"]
[Date "2012.11.04"]
[Round "9.115"]
[White "Salov,Vi"]
[Black "Nedostup,D"]
[Result "0-1"]
[WhiteElo "1993"]
[BlackElo "2152"]

1.e4 e6 2.d4 d5 3.Nd2 Nc6 4.c3 e5 5.exd5 Qxd5 6.dxe5 Nxe5 7.Qe2 Be7 8.Ngf3 Nc6
9.Qb5 Qe6+ 10.Be2 a6 11.Qc4 Qg6 12.Qf4 Bd6 13.Qg5 Nf6 14.O-O Bg4 15.Re1 O-O-O
16.h3 Bh5 17.Nc4 Rhe8 18.Nxd6+ Rxd6 19.Qxg6 Bxg6 20.Bf4 Rde6 21.Bc4 Re4 22.Rxe4 Rxe4
23.Nd2 Rxf4 24.f3 Rf5 25.b4 Re5 26.a4 Re3 27.Rc1 Ne5 28.Kf2 Rd3 29.Ke2 Nxc4
30.Nxc4 Nd5 31.b5 axb5 32.axb5 Rxc3  0-1

[Event "TCh-ESP CECLUB Div Honor 2012"]
[Site "Leon ESP"]
[Date "2012.11.07"]
[Round "3.3"]
[White "Castellanos Rodriguez,R"]
[Black "Edouard,R"]
[Result "1/2-1/2"]
[WhiteElo "2515"]
[BlackElo "2688"]

1.e4 e6 2.d4 d5 3.Nd2 Be7 4.Ngf3 Nf6 5.e5 Nfd7 6.Bd3 c5 7.c3 Nc6 8.O-O a5
9.a4 cxd4 10.cxd4 Nb4 11.Bb5 O-O 12.Nb1 Nb6 13.Nc3 Bd7 14.Qe2 Rc8 15.Bf4 Bc6
16.Rfc1 Na8 17.Qd2 Nc7 18.Bf1 Rb8 19.g3 b5 20.axb5 Nxb5 21.h4 Bd7 22.h5 Nxc3
23.bxc3 Nc6 24.Bd3 Ra8 25.Bc2 f5 26.exf6 gxf6 27.Qe3 Qe8 28.Kg2 Qf7 29.Rcb1 Ra7
30.Ba4 Bd8 31.Bd6 Re8 32.Bc5 Rc7 33.Bb6 Rb7 34.Bxc6 Rxb6 35.Rxb6 Bxb6 36.Bxd7 Qxd7
37.Nh2 Kh8 38.Ng4 Bd8 39.Qf4 Rf8 40.Rb1 Bc7 41.Rb7 Bxf4 42.Rxd7 f5  1/2-1/2

[Event "72nd ch-ITA 2012"]
[Site "Torino ITA"]
[Date "2012.11.07"]
[Round "8"]
[White "Godena,M"]
[Black "Rombaldoni,Ax"]
[Result "1/2-1/2"]
[WhiteElo "2526"]
[BlackElo "2446"]

1.e4 e6 2.d4 d5 3.Nd2 a6 4.Ngf3 Nf6 5.Bd3 c5 6.c3 Nc6 7.exd5 exd5 8.dxc5 Bxc5
9.Nb3 Bd6 10.Qe2+ Be7 11.Bg5 O-O 12.O-O Bg4 13.Rae1 Re8 14.Qe3 h6 15.Bh4 Nh5
16.h3 Bd7 17.Bxe7 Rxe7 18.Qd2 Rxe1 19.Rxe1 Qf6 20.Qe3 Rf8 21.Ne5 Nxe5 22.Qxe5 Qxe5
23.Rxe5 Nf4 24.Bf1 Rd8 25.Nd4 f6 26.Re1 Kf7 27.h4 g5 28.g3 Ng6 29.Bg2 Bg4
30.hxg5 hxg5 31.f3  1/2-1/2

[Event "WY GU16 2012"]
[Site "Maribor SLO"]
[Date "2012.11.09"]
[Round "2.6"]
[White "Regam,Jessica"]
[Black "Bivol,A"]
[Result "0-1"]
[WhiteElo "1969"]
[BlackElo "2172"]

1.e4 e6 2.d4 d5 3.Nd2 a6 4.Ngf3 c5 5.c3 Nc6 6.Bd3 Nf6 7.O-O cxd4 8.cxd4 dxe4
9.Nxe4 Be7 10.Re1 O-O 11.Bg5 Nd5 12.Bxe7 Qxe7 13.a3 h6 14.Rc1 f5 15.Nc5 Qd6
16.Bc4 b6 17.Nd3 Bd7 18.Nde5 Rfd8 19.b4 Be8 20.Nxc6 Bxc6 21.Ne5 Be8 22.Qb3 b5
23.Be2 a5 24.Rc5 axb4 25.axb4 Ra4 26.Nd3 Nf6 27.Nb2 Ra6 28.Bxb5 Bxb5 29.Rxb5 Ne4
30.Rxf5 Nd2 31.Qd3 exf5 32.Qxd2 Qxd4 33.Qe2 Qxb4 34.Rb1 Rad6  0-1

[Event "Bundesliga 2012-13"]
[Site "Bremen GER"]
[Date "2012.11.10"]
[Round "3"]
[White "Vallejo Pons,F"]
[Black "Rapport,R"]
[Result "1/2-1/2"]
[WhiteElo "2700"]
[BlackElo "2621"]

1.e4 e6 2.d4 d5 3.Nd2 Be7 4.e5 c5 5.Qg4 Kf8 6.dxc5 Nc6 7.Qg3 f6 8.Ndf3 Bxc5
9.Bd3 fxe5 10.Nxe5 Nxe5 11.Qxe5 Nf6 12.Bg5 Bd6 13.Bxf6 gxf6 14.Qh5 f5 15.Qh6+ Kf7
16.Qh5+ Kf8 17.Qh6+ Kf7 18.Qh5+ Kf8  1/2-1/2

[Event "WY GU18 2012"]
[Site "Maribor SLO"]
[Date "2012.11.10"]
[Round "3"]
[White "Asgarizadeh,M"]
[Black "Varga,Kl"]
[Result "1-0"]
[WhiteElo "2106"]
[BlackElo "2191"]

1.e4 e6 2.d4 d5 3.Nd2 Be7 4.Ngf3 Nf6 5.Bd3 c5 6.exd5 Qxd5 7.dxc5 O-O 8.O-O Nbd7
9.b4 a5 10.Bc4 Qc6 11.c3 Qc7 12.Nd4 Ne5 13.Qe2 Neg4 14.N2f3 e5 15.Nb5 Qb8
16.h3 e4 17.hxg4 Bxg4 18.Qe3 exf3 19.Qxe7 fxg2 20.Re1 Ne8 21.Re4 Bf3 22.Rf4 Bh5
23.Bd2 Qc8 24.Qg5 Bg6 25.Qg4 Qd8 26.Rd4  1-0

[Event "WY BU16 2012"]
[Site "Maribor SLO"]
[Date "2012.11.10"]
[Round "3.46"]
[White "Lekic,L"]
[Black "Liu,Dennis"]
[Result "0-1"]
[WhiteElo "2062"]
[BlackElo "1909"]

1.e4 e6 2.d4 d5 3.Nd2 Be7 4.e5 c5 5.Qg4 Kf8 6.c3 h5 7.Qd1 Nc6 8.Ngf3 Nh6
9.Bd3 Qb6 10.dxc5 Bxc5 11.O-O a5 12.Nb3 Be7 13.Nbd4 Nxd4 14.Nxd4 g6 15.a4 Bd7
16.Be3 Qc7 17.Qd2 Ng4 18.Bf4 g5 19.Bxg5 Bxg5 20.Qxg5 Qxe5 21.Qxe5 Nxe5 22.Bc2 Rc8
23.f4 Nc4 24.b3 Ne3 25.Rf3 Rxc3 26.Kf2 Nxc2 27.Rxc3 Nxd4 28.Rd1 Nc6 29.g3 Ke7
30.h3 Kd6 31.Rcd3 Rc8 32.g4 Nb4 33.Re3 hxg4 34.hxg4 Rc2+ 35.Re2 Rxe2+ 36.Kxe2 Nc6
37.Kf3 Kc5 38.Rh1 e5 39.Rc1+ Kb4 40.Rd1 d4 41.f5 Ne7 42.f6 Bc6+ 43.Kg3 Ng6  0-1